1981 1467 1303 1396 1771 1618 1635 1026 1604 1693 1974 1376 1386 1790 1835 1548 1022 1084 1488 1494 1117 1284 1910 1491 1258 1884 1219 1294 1828 1773 1315 1477 1336 1663 1041 1083 1269 1912 1678 1693 1586 1168 1836 1410 1546 1326 1505 1200 1365 1666 1020 1566 1117 1469 1881 1732 1738 1272 1363 1238 1867 1771 1368 1213 1834 1139 1628 1143 1184 1541 1774 1532 1173 1086 1488 1445 1889 1726 1187 1989 1818 1876 1834 1191 1632 1082 1005 1918 1419 1715 1327 1261 1377 1471 1927 1587 1589 1189 1481 BCNSPRNW ULIB Ver.6.0+V

เปลี่ยนเป็นภาษาไทย

Change to English
 แสดงรายละเอียดบรรณานุกรม
  กลับหน้าหลัก

Brief Record : Get Marc (ISO 2709) : E-mail record : QR code < ปิดหน้าต่าง
LEADER : 00000nam 2200000uu 4500
001    13399120055
003     ULIB
008    120827s2552||||th 000 0 tha d
020    ^a9786115070084(ล.3)
060  4 ^aWS113^bซ331ล ล.3
100 0  ^aJackie Silberg
245 00 ^aเล่นสนุกกับลูก3/^cJackie Silberg
250    ^aพิมพ์ครั้งที่ 1
260    ^aกรุงเทพฯ:^bหมอชาวบ้าน,^c2552
300    ^a216 หน้า :^bภาพประกอบ
650  7 ^aการดูแลเด็ก
650  7 ^aการเล่นเกม
700 0  ^aปราณี ศิริจันทพันธ์,^eผู้แปล
700 0  ^aเยาวพา จันทิมา,^eผู้แปล
700 0  ^aพงษ์ศักดิ์ น้อยพยัคฆ์,^eบรรณษธิการ
945    ^p200^l0^i16017
945    ^p200^l0^i16018
995    ^aทศพร
999    ^aทศพร เกษรทอง
รายการนี้ยังไม่มีแท็ก
คุณยังไม่ได้ล็อกอิน คุณสามารถมีกิจกรรมร่วมกับเว็บไซต์ได้ แต่ต้องล็อกอินก่อน ::
  ล็อกอิน

รายการสื่อสารสนเทศ

ลำดับที่ ประเภท เลขเรียก/บาร์โค้ด สถานที่ สถานะ
- ไม่พบข้อมูล -

รายการใกล้เคียง
    ผู้แต่ง [Jackie Silberg]

    หัวเรื่อง [การดูแลเด็ก]
    หัวเรื่อง [การเล่นเกม]

BibComment


ยังไม่เคยถูกคอมเมนท์

คอมเมนท์ทรัพยากรรายการนี้
  คอมเมนท์: เล่นสนุกกับลูก3 ..


 Copyright 2026. Bcnsprnw @Library